My first three books /

Bibliographic Details
Main Author: Towle, Tony, 1939- (Author)
Other Authors: Edelstein, Leo (Interviewer)
Format: CD Book
Language:English
Published: Brooklyn NY : Vehicle Editions, [2020]
Subjects:

MARC

Tag First Indicator Second Indicator Subfields
LEADER 00000cam a2200000 i 4500
001 in00004350020
006 innnnaq p n
007 sd fungnnmmned
008 200313t20202020nyuac 000 pdeng d
005 20250318222827.1
020 |a 9780931428012 
020 |a 0931428017  |q paperback 
035 |a (OCoLC)on1144105064 
035 |a (OCoLC)1144105064 
040 |a YDX  |b eng  |e rda  |c YDX  |d BDX  |d OCLCQ  |d IND  |d YDXIT 
050 4 |a PS3570.O9  |b Z46 2020 
050 4 |a PS3570.O9  |b M9 2020 
082 0 4 |a 811/.54  |2 23 
100 1 |a Towle, Tony,  |d 1939-  |e author,  |e interviewee. 
245 1 0 |a My first three books /  |c Tony Towle ; interview by Leo Edelstein ; preface by John Yau. 
264 1 |a Brooklyn NY :  |b Vehicle Editions,  |c [2020] 
264 4 |c ©2020 
300 |a 87 pages :  |b illustrations (some color), portraits (some color) ;  |c 18 x 21 cm +  |e 1 audio disc (4 3/4 in.) 
336 |a text  |b txt  |2 rdacontent 
336 |a spoken word  |b spw  |2 rdacontent 
337 |a unmediated  |b n  |2 rdamedia 
337 |a audio  |b s  |2 rdamedia 
338 |a volume  |b nc  |2 rdacarrier 
338 |a audio disc  |b sd  |2 rdacarrier 
500 |a "With 12 poems from the 1960s, a CD of the poet reading them and 18 photographs." 
500 |a Poems. 
600 1 0 |a Towle, Tony,  |d 1939-  |v Interviews. 
650 0 |a American poetry  |y 20th century. 
655 7 |a Poetry.  |2 lcgft 
700 1 |a Edelstein, Leo,  |e interviewer. 
700 1 |a Yau, John,  |d 1950-  |e writer of preface. 
852 8 |b pda,print  |z This title is available for the library to purchase for your use. Click the "Purchase It For Me" button to place a request. This item may take 5-10 business days to arrive. 
955 |a Print PDA title 
961 |m 565730 
999 f f |s ce8c551e-75ca-4c8e-a4b2-3dc3420e965b  |i 8b421da1-52e8-3e1d-a1ed-41510aa81cf2  |t 0 
952 f f |a Texas A&M University  |b College Station  |c Sterling C. Evans Library  |d Purchase on Demand  |t 0  |e PS3570.O9 Z46 2020  |h Library of Congress classification 
998 f f |a PS3570.O9 Z46 2020  |t 0  |l Purchase on Demand